| 000 | 01061nam a22002777i 4500 | ||
|---|---|---|---|
| 999 |
_c22725 _d22725 |
||
| 003 | AR-CdUCM | ||
| 008 | 231018b20122012pe |||| |||| 00| 0 spa d | ||
| 040 |
_aMUNICIPALIDAD PROVINCIAL DEL CUSCO _cBIBLIOTECA MUNICIPAL DEL CUSCO |
||
| 041 | _hspa | ||
| 082 |
_a371.30281 / C294 _bC294 |
||
| 100 |
_aCari Mamani, Hernán M. _99733 |
||
| 245 | _aMétodos y Técnicas de Estudio Académico / | ||
| 260 |
_aPerú : _c2012. |
||
| 300 |
_a260 páginas. : _c20 cm. |
||
| 500 | _zBibliografía: páginas 257-260 | ||
| 505 | _aMétodos de estudio-- Actitud ante el estudio -- Que estudiar -- Como estudiar -- Métodos elaboración e integración -- Estrategias para mejorar la memoria -- Tipos de monografía -- Trabajo en equipo entre profesores | ||
| 650 |
_aMétodos _949263 |
||
| 650 |
_a Monografía _99489 |
||
| 650 |
_a Organización de conocimiento _949170 |
||
| 650 |
_a Aprehensión _949171 |
||
| 650 |
_aActitud ante el estudio _949172 |
||
| 650 |
_aEstudio _94228 |
||
| 650 |
_a Técnicas _9975 |
||
| 942 |
_2ddc _cLIBROS |
||
| 945 |
_apebm _d2023-10-18 |
||